Central Library OPAC University of Rajshahi

Optics and optoelectronics : (Record no. 66972)

MARC details
000 -LEADER
fixed length control field 00718nam a2200241 a 4500
001 - CONTROL NUMBER
control field 66972
003 - CONTROL NUMBER IDENTIFIER
rucl marc code BD-RjUL
005 - DATE AND TIME OF LATEST TRANSACTION
control field 20211209081612.0
008 - FIXED-LENGTH DATA ELEMENTS--GENERAL INFORMATION
fixed length control field 170321s1999 ii a|||| |||| 001 0 eng d
020 ## - INTERNATIONAL STANDARD BOOK NUMBER
International Standard Book Number 8173192855
035 ## - SYSTEM CONTROL NUMBER
System control number (BD-RjUL)67103
040 ## - CATALOGING SOURCE
Original cataloging agency BD-RjUL
Language of cataloging eng
Transcribing agency BD-RjUL
Modifying agency BD-RjUL
041 ## - LANGUAGE CODE
Language code of text/sound track or separate title eng
082 ## - DEWEY DECIMAL CLASSIFICATION NUMBER
Edition number 23
Classification number 621.381045
Author mark and year OPT 1999
245 10 - TITLE STATEMENT
Title Optics and optoelectronics :
Remainder of title theory, devices and applications /
Statement of responsibility, etc. editors O P Nijhawan... [et al.].
260 ## - PUBLICATION, DISTRIBUTION, ETC. (IMPRINT)
Place of publication, distribution, etc. New Delhi :
Name of publisher, distributor, etc. Narosa Publishig House,
Date of publication, distribution, etc. 1999
300 ## - PHYSICAL DESCRIPTION
Pagination v. :
Illustrations ill.
Size 27 cm.
500 ## - GENERAL NOTE
General note Includes index
505 ## - FORMATTED CONTENTS NOTE
Formatted contents note V. 1 -- V. 2 --
650 ## - SUBJECT ADDED ENTRY--TOPICAL TERM
Topical term or geographic name as entry element Optoelectronics.
9 (RLIN) 198324
700 ## - ADDED ENTRY--PERSONAL NAME
Personal name Nijhawan, O P
942 ## - ADDED ENTRY ELEMENTS (KOHA)
Source of classification or shelving scheme Dewey Decimal Classification
Koha item type Books
Holdings
Lost status Source of classification or shelving scheme Damaged status Not for loan Collection code Permanent Location Current Location Shelving location Date acquired Source of acquisition Cost, normal purchase price Total Checkouts Full call number Date last seen Copy number Koha item type
  Dewey Decimal Classification   Not For Loan Non-fiction Central Library, University of Rajshahi Central Library, University of Rajshahi Reading Room 29/04/2006 Paragon enterprise, Dhaka 200.00   621.381045 OPT V-1 1999 21/03/2017 C-1 Books
  Dewey Decimal Classification   Not For Loan Non-fiction Central Library, University of Rajshahi Central Library, University of Rajshahi Reading Room 29/04/2006 Paragon enterprise, Dhaka 2100.00   621.381045 OPT V-2 1999 21/03/2017 C-1 Books
  Dewey Decimal Classification     Non-fiction Central Library, University of Rajshahi Central Library, University of Rajshahi   18/08/2007 Paragon Enterprises Ltd. 2100.00   621.381045 OPT V-2 1999 30/05/2017 C-2 Books
  Dewey Decimal Classification     Non-fiction Central Library, University of Rajshahi Central Library, University of Rajshahi   18/08/2007 Paragon Enterprises Ltd. 2100.00   621.381045 OPT V-1 1999 30/05/2017 C-2 Books
  Dewey Decimal Classification     Non-fiction Central Library, University of Rajshahi Central Library, University of Rajshahi   18/08/2007 Paragon Enterprises Ltd. 2100.00   621.381045 OPT V-2 1999 30/05/2017 C-3 Books
  Dewey Decimal Classification     Non-fiction Central Library, University of Rajshahi Central Library, University of Rajshahi   18/08/2007 Paragon Enterprises Ltd. 2100.00   621.381045 OPT V-1 1999 30/05/2017 C-3 Books